000 00844nam a2200217 4500
001 31451
003 BD-RjUL
005 20211209051713.0
008 140416s1962 enk 000 0 eng d
035 _a(BD-RjUL)31539
040 _aCFT
_cCFT
_dBD-RjUL
_beng
041 _aeng
082 _a291
_bBRM 1962
100 1 _aBrandon, S. G. F.
_q(Samuel George Frederick),
_d1907-1971.
_995695
245 1 0 _aMan and his destiny in the great religions :
_ban historical and comparative study containing the Wilde Lectures in Natural and Comparative Religion delivered in the University of Oxford, 1954-1957 /
_cby S.G.F. Brandon.
260 _aManchester :
_bManchester University Press,
_c1962.
300 _axiv, 442 p. ;
_c23 cm.
650 0 _aTheological anthropology
_vComparative studies.
_995696
650 0 _aReligions.
_995697
942 _2ddc
_cBK
999 _c31451
_d31451